[Event "EU-ch Hybrid U16"]
[Site "Tornelo INT"]
[Date "2021.10.15"]
[Round "2"]
[White "Goroshkov, Maksym"]
[Black "Kamnev, Alexandr"]
[Result "1/2-1/2"]
[WhiteElo "1970"]
[BlackElo "2009"]
[PlyCount "79"]
[EventDate "2021.10.15"]
[EventType "swiss"]
[EventRounds "9"]
[EventCountry "NET"]
[SourceTitle "EXT 2023"]
[Source "ChessBase"]
[SourceDate "2022.10.05"]
[SourceVersion "1"]
[SourceVersionDate "2022.10.05"]
[SourceQuality "1"]
[WhiteTeam "Ukraine"]
[BlackTeam "Ukraine"]
[WhiteTeamCountry "UKR"]
[BlackTeamCountry "UKR"]

1. d4 Nf6 2. Nf3 d6 3. g3 g6 4. Bg2 Bg7 5. 0-0 0-0 6. c4 c6 7. Nc3 Bf5 8. Nh4 Be6 9. d5 cxd5 10. cxd5 Bd7 11. Qb3 Na6 12. Qxb7 Nc5 13. Qb4 Rb8 14. Qa3 Qb6 15. Rb1 a5 16. Be3 Rfc8 17. b3 Qb4 18. Qxb4 axb4 19. Nd1 Nfe4 20. Rc1 Ra8 21. Rc2 Ra5 22. Rc4 Nc3 23. Nxc3 Bxc3 24. Rxc3 bxc3 25. b4 Rxa2 26. bxc5 dxc5 27. Rc1 Rb8 28. Be4 Bh3 29. Ng2 Bf5 30. Bxf5 gxf5 31. Ne1 Rxe2 32. Kf1 Rd2 33. Rxc3 Rxd5 34. Rxc5 Rxc5 35. Bxc5 Rb7 36. Nd3 Kg7 37. Ke2 f6 38. f4 Kf7 39. Bb4 Ra7 40. Bd2 1/2-1/2

[Event "EU-ch Hybrid U16"]
[Site "Tornelo INT"]
[Date "2021.10.15"]
[Round "9"]
[White "Rybin, Eduard"]
[Black "Kamnev, Alexandr"]
[Result "1/2-1/2"]
[WhiteElo "1826"]
[BlackElo "2009"]
[PlyCount "71"]
[EventDate "2021.10.15"]
[EventType "swiss"]
[EventRounds "9"]
[EventCountry "NET"]
[SourceTitle "EXT 2023"]
[Source "ChessBase"]
[SourceDate "2022.10.05"]
[SourceVersion "1"]
[SourceVersionDate "2022.10.05"]
[SourceQuality "1"]
[WhiteTeam "Russia"]
[BlackTeam "Ukraine"]
[WhiteTeamCountry "RUS"]
[BlackTeamCountry "UKR"]

1. d4 Nf6 2. Nf3 d6 3. g3 g6 4. Bg2 Bg7 5. 0-0 0-0 6. c4 c6 7. Nc3 Bf5 8. Ne1 e5 9. d5 cxd5 10. cxd5 a5 11. Nc2 Na6 12. Na3 Bd7 13. Bd2 Nc5 14. Nc4 Qc7 15. a4 Rfc8 16. Rc1 Nb3 17. Qxb3 Qxc4 18. Qa3 Qc5 19. Nb5 Qxa3 20. bxa3 Ne8 21. Rxc8 Bxc8 22. Rc1 Bd7 23. Nc7 Rc8 24. Nxe8 Rxc1+ 25. Bxc1 Bxe8 26. Bd2 Bxa4 27. Bxa5 Kf8 28. Bd2 Ke7 29. e4 f5 30. f3 Bf6 31. Kf2 Bc2 32. Ke2 Kd7 33. Be3 fxe4 34. fxe4 Bd8 35. Kd2 Bb1 36. Kc1 1/2-1/2

[Event "Kiev Spring op"]
[Site "Kiev"]
[Date "2021.07.16"]
[Round "8"]
[White "Domalchuk Jonasson, Aleksandr"]
[Black "Kamnev, Alexandr"]
[Result "0-1"]
[WhiteElo "2058"]
[BlackElo "1967"]
[PlyCount "68"]
[EventDate "2021.07.10"]
[EventType "swiss"]
[EventRounds "9"]
[EventCountry "UKR"]
[SourceTitle "EXT 2024"]
[Source "ChessBase"]
[SourceDate "2023.10.10"]
[SourceVersion "1"]
[SourceVersionDate "2023.10.10"]
[SourceQuality "1"]

1. d4 Nf6 2. c4 g6 3. Nc3 Bg7 4. e4 d6 5. h3 e5 6. d5 a5 7. Be3 Na6 8. g4 Nc5 9. f3 h5 10. g5 Nh7 11. h4 f6 12. Qd2 fxg5 13. hxg5 0-0 14. 0-0-0 a4 15. Bg2 Bd7 16. Nge2 Qb8 17. Rdf1 b5 18. Bxc5 dxc5 19. Nxb5 Bxb5 20. cxb5 Qxb5 21. Nc3 Qb4 22. a3 Qd4 23. Qe2 c4 24. Rd1 Qc5 25. d6 cxd6 26. Rd5 Qc6 27. Rhd1 Rad8 28. Qd2 Rf4 29. Nb5 Nxg5 30. Nd4 exd4 31. Qxf4 Ne6 32. Qd2 c3 33. bxc3 Bh6 34. Qxh6 Qxc3+ 0-1

[Event "Kiev Spring op"]
[Site "Kiev"]
[Date "2021.07.14"]
[Round "6"]
[White "Khomenko, Pavlo"]
[Black "Kamnev, Alexandr"]
[Result "0-1"]
[WhiteElo "1634"]
[BlackElo "1967"]
[PlyCount "120"]
[EventDate "2021.07.10"]
[EventType "swiss"]
[EventRounds "9"]
[EventCountry "UKR"]
[SourceTitle "EXT 2024"]
[Source "ChessBase"]
[SourceDate "2023.10.10"]
[SourceVersion "1"]
[SourceVersionDate "2023.10.10"]
[SourceQuality "1"]

1. Nf3 Nf6 2. b3 g6 3. Bb2 Bg7 4. d3 0-0 5. Nbd2 d6 6. e4 c5 7. Be2 Nc6 8. c3 Bg4 9. h3 Bxf3 10. Nxf3 Rc8 11. Qc2 b5 12. Rd1 b4 13. c4 e5 14. Bc1 Ne8 15. g4 Nc7 16. Bg5 Bf6 17. Bh6 Re8 18. h4 Ne6 19. Be3 Ncd4 20. Bxd4 exd4 21. Qd2 Be5 22. Bf1 Bf4 23. Qc2 h6 24. Ng1 Kg7 25. Ne2 Qf6 26. Ng3 Bxg3 27. fxg3 Qf3 28. Qf2 Qxh1 29. Ke2 Ng5 30. Bg2 Nh3 31. Rxh1 Nxf2 32. Kxf2 a5 33. Bf3 Re5 34. Bd1 Rf8 35. Bf3 Ra8 36. Bd1 Ra7 37. Rf1 f5 38. gxf5 gxf5 39. Bf3 a4 40. exf5 axb3 41. f6+ Kxf6 42. axb3 Ra2+ 43. Kg1 Re3 44. Be4+ Ke6 45. g4 Rg3+ 46. Kh1 Rh3+ 47. Kg1 Rxh4 48. Bd5+ Ke7 49. Rf7+ Ke8 50. Rg7 Rh3 51. Rg8+ Ke7 52. Rg7+ Kf6 53. Rf7+ Kg6 54. Rf2 Rxf2 55. Kxf2 Kg5 56. Be4 Kxg4 57. Kg2 Re3 58. Bg6 h5 59. Kf2 h4 60. Kg2 Re2+ 0-1

[Event "Kiev Spring op"]
[Site "Kiev"]
[Date "2021.07.11"]
[Round "2"]
[White "Mischuk, Dmitry"]
[Black "Kamnev, Alexandr"]
[Result "1-0"]
[WhiteElo "2355"]
[BlackElo "1967"]
[PlyCount "57"]
[EventDate "2021.07.10"]
[EventType "swiss"]
[EventRounds "9"]
[EventCountry "UKR"]
[SourceTitle "EXT 2024"]
[Source "ChessBase"]
[SourceDate "2023.10.10"]
[SourceVersion "1"]
[SourceVersionDate "2023.10.10"]
[SourceQuality "1"]

1. d4 Nf6 2. c4 g6 3. Nc3 Bg7 4. e4 d6 5. h3 e5 6. dxe5 dxe5 7. Qxd8+ Kxd8 8. Bg5 c6 9. f4 h6 10. Bh4 Nbd7 11. Nf3 Kc7 12. fxe5 Nh5 13. Be7 Nxe5 14. 0-0-0 Nxf3 15. Bd6+ Kb6 16. c5+ Ka5 17. gxf3 Be6 18. Kc2 b5 19. b4+ Kxb4 20. Rb1+ Ka3 21. Nxb5+ cxb5 22. c6+ Kxa2 23. Rh2 b4 24. Bxb4 Be5 25. Kc1+ Bxh2 26. Rb2+ Ka1 27. Rxh2 Rhb8 28. Bc3+ Rb2 29. Rxb2 1-0